Hot pressing of copper or iron layer on sintered silicon carbide / (Rekord nr 7534)
| 000 -ETYKIETA REKORDU | |
|---|---|
| podpole kontrolne o stałej długości | 00974naa a22002177a 4500 |
| 003 - IDENTYFIKATOR NUMERU KONTROLNEGO REKORDU | |
| podpole kontrolne | BPK |
| 005 - DATA OSTATNIEJ MODYFIKACJI REKORDU | |
| podpole kontrolne | 20180217122855.0 |
| 008 - POLE O STAŁEJ DŁUGOŚCI - DANE KONTROLNE | |
| podpole kontrolne o stałej długości | 160309b1980 pl ||||| |||| 10| 0 eng |
| 040 ## - ŹRÓDŁO KATALOGOWANIA | |
| Instytucja, która utworzyła rekord | BPK |
| 041 ## - KOD JĘZYKA | |
| Kod języka tekstu | eng |
| 044 ## - KOD KRAJU WYDAWCY/PRODUCENTA | |
| Kod kraju wydawcy/producenta | POL |
| 100 ## - NAZWA OSOBOWA | |
| Nazwa osobowa | PRECHT, Witold. |
| Lata pracy | 1973 - 1996. |
| Instytucja | Wyższa Szkoła Inżynierska w Koszalinie - Instytut Inżynierii Materiałowej, |
| Wydział | Zakład Fizyki Ciała Stałego |
| 245 ## - TYTUŁ/ODPOWIEDZIALNOŚĆ | |
| Tytuł | Hot pressing of copper or iron layer on sintered silicon carbide / |
| Pozostałe elementy strefy tytułu i oznaczenia odpowiedzialności | Witold Precht, Franciszek Sterma. |
| 260 ## - STREFA ADRESU WYDAWNICZEGO | |
| Data publikacji, dystrybucji/powstania dokumentu | 1980. |
| 500 ## - UWAGI OGÓLNE | |
| Tekst uwagi | Dane z kartoteki bpp. |
| 655 #0 - TERMIN INDEKSOWY - OKREŚLENIE RODZAJU/FORMY DOKUMENTU | |
| Określnie rodzaju/formy dokumentu | Materiały konferencyjne. |
| 700 ## - HASŁO DODATKOWE - NAZWA OSOBOWA | |
| Nazwa osobowa | STERMA, Franciszek. |
| Lata pracy | 1978 - 1996. |
| Instytucja | Wyższa Szkoła Inżynierska w Koszalinie - Instytut Inżynierii Materiałowej, |
| Wydział | Zakład Chemii Fizycznej |
| 773 ## - TYTUŁ DOKUMENTU MACIERZYSTEGO | |
| Wyrażenie wprowadzające | W : |
| Tytuł | 5th Symposium on Powder Metallurgy. - |
| Adres wydawniczy | Rzeszów, 1980. - |
| Informacje dotyczące relacji | s. 155-159 |
| 711 ## - HASŁO DODATKOWE - NAZWA IMPREZY | |
| Nazwa imprezy | Sympozjum Metalurgii Proszków |
| Oznaczenie części/sekcji dzieła | (5 ; |
| Data imprezy | 1980 ; |
| Miejsce imprezy | Rzeszów - Rydzyna, Polska). |
| 942 ## - HASŁO DODATKOWE - ELEMENTY(KOHA) | |
| Typ dokumentu | Artykuł |
| Schemat klasyfikacji | Uniwersalna klasyfikacja dziesiętna |
Brak dostępnych egzemplarzy.
